|
|
|
|
| LEADER |
00000nab a2200000 a 4500 |
| 001 |
vtls009002525 |
| 003 |
SK-MaSNL |
| 005 |
20260304153410.0 |
| 008 |
250506c2007 xo qr|p|||||||000 b|slo |
| 015 |
|
|
|a SNBRB2007/06
|
| 035 |
|
|
|a (uuid)f6adbe82-f17c-4894-8da7-a2e7eba2b740
|
| 035 |
|
|
|a urn:nbn:sk:snk-ab10i6
|
| 035 |
|
|
|a (urnnbn)urn:nbn:sk:snk:ar-a04201
|
| 038 |
|
|
|a SNKBUCL
|
| 040 |
|
|
|a SNKBUCL
|b slo
|c SNKBUCL
|e AACR2
|
| 041 |
0 |
|
|a slo
|
| 044 |
|
|
|a xo
|c SK
|
| 080 |
|
|
|a 235.3
|2 1997
|
| 080 |
|
|
|a 929 Valencia, Rafael Guizár
|2 1997
|
| 100 |
1 |
|
|a Malý, Vincent,
|d 1922-2008
|4 aut
|9 102577
|
| 245 |
1 |
0 |
|a Svätorečenia v roku 2006 - Rím - Námestie svätého Petra - 15. októbra 2006
|b svätý Rafael Guizár Valencia (1878-1938), biskup
|c Vincent Malý
|
| 600 |
1 |
7 |
|a Valencia, Rafael Guizár,
|c sv.,
|d 1878-1938
|2 snkbucl
|9 1476731
|
| 650 |
0 |
7 |
|a kanonizácia
|2 snkbucl
|9 31330
|
| 773 |
0 |
|
|t Liturgia
|g Roč. XVII, č. 1 (2007), s. 10-11
|x 1210-0676
|
| 850 |
|
|
|a Slovenská národná knižnica
|
| 852 |
|
|
|a Slovenská národná knižnica
|
| 954 |
|
|
|a odborná, vedecká literatúra pôvodná (slovenská)
|2 lita
|
| 958 |
|
|
|a article27
|
| 958 |
|
|
|a NT
|
| 958 |
|
|
|a BC
|
| 958 |
|
|
|a OND
|
| 958 |
|
|
|a EUIPO
|
| 999 |
|
|
|c 2953539
|d 2955469
|